Barbie Family Feud - Statistics

General Stats
  • This quiz has been taken 377 times
  • The average score is 25 of 59
Answer Stats
Percent Answer % Correct
49% Blue
84%
7% Ken
84%
11% Ken
84%
6% Ken
84%
22% Purple
80%
43% Dog
78%
13% White
75%
21% Cat
74%
7% Yellow
71%
24% Doctor
70%
45% Skipper
68%
14% Horse
67%
12% Horseback riding
66%
16% Stacie
64%
26% Unicorn
63%
40% Her House
62%
13% Pink
59%
21% Purse
59%
15% Chelsea
58%
6% Her Wardrobe
58%
34% Astronaut
55%
9% Cheerful
55%
10% Fashion
55%
6% Raquelle
51%
73% Raquelle
51%
19% Necklace
50%
31% Shoes
49%
10% Fairytale/Fairycore
47%
38% Kind/Friendly
47%
11% Mermaid
47%
27% Midge
46%
41% Pegasus
40%
31% Teresa
38%
10% Veternarian
38%
9% Burst into song
37%
20% Art
36%
19% Kelly
31%
7% President
30%
10% Dance
29%
10% Nikki
29%
15% Have a ton of careers
27%
11% Feminine/Girly
26%
8% Dolphin
23%
7% Her Career(s)
23%
9% Her Confidence
21%
7% Confident
19%
22% Have an unrealistic body
19%
7% Smart
17%
7% Barbiecore
16%
11% Erika
13%
10% Always stand on tiptoes
11%
7% Clara
11%
11% Magic
9%
7% Optimistic
9%
9% Undress in public
9%
7% Alexa
7%
10% Anneliese
7%
6% Cottagecore
7%
4% Nobody/Barbie doesn't have rivals
1%
No matching quizzes found
Score Distribution
Percent of People with Each Score
Percentile by Number Answered
Your Score History
You have not taken this quiz